000 00562nam a2200229Ia 4500
003 OSt
005 20220928150020.0
006 a|||||r|||| 00| 0
007 ta
008 220927b |||||||| |||| 00| 0 eng d
024 _a86504
037 _cTextual
040 _aSDCL
_cSDCL
_beng
041 _2eng
_aeng
082 _aB25,1, M4
100 _aAnton Howard Au.
_9514908
245 0 _aElementry linear algebra
260 _c1984
650 _aLinear Algebra
942 _hB25,1, M4
_cTEXL
_2CC
999 _c838615
_d838615